| 000 | 00666nam a2200217 a 4500 | ||
|---|---|---|---|
| 001 | 11466 | ||
| 003 | BD-RjUL | ||
| 005 | 20211208235130.0 | ||
| 008 | 140126s19371966nyu 001 0 eng d | ||
| 035 | _a(BD-RjUL)11515 | ||
| 040 |
_aBD-RjUL _beng _cBD-RjUL _dBD-RjUL |
||
| 041 | _aeng | ||
| 082 | 0 | 0 |
_a305.08 _bLOH 1966 _223 |
| 100 | 1 |
_aLowie, Robert Harry, _d1883-1957 _935445 |
|
| 245 | 1 | 4 |
_aThe history of ethnological theory / _cby Robert H. Lowie. |
| 260 |
_aNew York : _bHolt, Rinehart and Winston, _cc1937, 1966 |
||
| 300 |
_axiii, 296 p. ; _c23 cm. |
||
| 504 | _aIncludes bibliographical footnotes and index. | ||
| 650 | 0 |
_aEthnology _934454 |
|
| 942 |
_2ddc _cBK |
||
| 999 |
_c11466 _d11466 |
||